Engine Room Questions and Answers.

Saved in:
Bibliographic Details
Main Author: Higgins, Alex
Format: Book
Language:English
Published: Shanghai, 1948.
Physical Description: 154 strán.
Tags: Add Tag
No Tags, Be the first to tag this record!

MARC

LEADER 00000nam a22000002i 4500
001 000689656
005 20221215170705.0
008 221215s1948 cc e 000 0 eng d
020 |c Kčs 33,60  |q (viazané) 
040 |a SVKKK  |b slo  |c SVKKK  |e rda 
100 1 |a Higgins, Alex 
245 1 0 |a Engine Room Questions and Answers. 
264 1 |a Shanghai,  |c 1948. 
300 |a 154 strán. 
336 |a text  |b txt  |2 rdacontent 
337 |a bez média  |b n  |2 rdamedia 
338 |a zväzok  |b nc  |2 rdacarrier 
500 |a Záznam revízie 
910 |a svkkk 
998 |a BK 
090 |g SCKHL  |k Sklad Pribinova 3. posch.  |a V.7462  |j 100055  |i 2720882098  |s Prezenčne